书目信息 |
| 题名: |
共同赢得未来
|
|
| 作者: | 高效能工作委员会 编 | |
| 分册: | ||
| 出版信息: | 西安 陕西师范大学出版社 2005.12 |
|
| 页数: | 150页 | |
| 开本: | 22cm | |
| 丛书名: | 世界500强黄金培训课程5 | |
| 单 册: | ||
| 中图分类: | F279.1 | |
| 科图分类: | ||
| 主题词: | ||
| 电子资源: | ||
| ISBN: | 7-5613-3204-1 | |
| 000 | 00792nam0 2200229 450 | |
| 001 | 0631816794 | |
| 005 | 20060602161127.65 | |
| 010 | @a7-5613-3204-1@dCNY 16.80 | |
| 100 | @a20060508d2005 km y0chiy0120 ea | |
| 101 | 0 | @achi |
| 102 | @aCN@b610000 | |
| 200 | 1 | @a共同赢得未来@Agong tong ying de wei lai@e团队至胜的狼性法则@f高效能工作委员会编@Fgao xiao neng gong zuo wei yuan hui bian |
| 210 | @a西安@c陕西师范大学出版社@d2005.12 | |
| 215 | @a150页@d22cm | |
| 225 | 2 | @a世界500强黄金培训课程5 |
| 410 | 0 | @12001 @a世界500强黄金培训课程5 |
| 517 | 1 | @a团队至胜的狼性法则@Atuan dui zhi sheng de lang xing fa ze |
| 690 | @aF279.1@v4 | |
| 701 | 0 | @a高效能工作委员会@Agao xiao neng gong zuo wei yuan hui@4编 |
| 801 | 0 | @aCN@bPFT@c20060602 |
| 905 | @dF279.1@eG194:5 | |
| 906 | @dCNY 16.80@n3@r1 | |
| 共同赢得未来:团队至胜的狼性法则/高效能工作委员会编.-西安:陕西师范大学出版社,2005.12 |
| 150页;22cm.-(世界500强黄金培训课程5) |
| ISBN 7-5613-3204-1:CNY 16.80 |
| ● |
| 相关链接 |
|
|
|
正题名:共同赢得未来
索取号:F279.1/G194:5
 
预约/预借
| 序号 | 登录号 | 条形码 | 馆藏地/架位号 | 状态 | 备注 |
| 1 | 604956 | 206049569 | 社科二线422/409社科库 97排1列4层/ [索取号:F279.1/G194:5] | 在馆 | |
| 2 | 604957 | 206049578 | 社科库409/ [索取号:F279.1/G194:5] | 在馆 | |
| 3 | 604958 | 206049587 | 社科库409/409社科库 97排1列4层/ [索取号:F279.1/G194:5] | 在馆 |